00290nam a2200121Ia 4500100002200000650001200022654000900034245006100043260003100104082001300135300000800148546001200156 aLundin/Stephen C  aGeneral afish aFISH:A remarkable way to boost Morale and improve result bHadder and Stoughtonc2000 a658bLUN a107 aENGLISH